| 000 | 00585nam a2200205Ia 4500 | ||
|---|---|---|---|
| 005 | 20250923144605.0 | ||
| 008 | 008 250917s9999 xx 000 0 eng d | ||
| 037 | _aTextual | ||
| 040 |
_aDSWL _beng _cDSWL |
||
| 041 |
_aeng _2eng |
||
| 084 |
_aT3, G1 _qDSWL |
||
| 100 |
_aManshardt, Cliffond _9826411 |
||
| 245 | 0 |
_aSocial settlement as a educational factor in India _cby Cliffond Manshardt. |
|
| 260 |
_aCalcutta _bAssociation Press _c1931 |
||
| 300 | _a87p. | ||
| 365 |
_aINR _b1 |
||
| 925 | _g1 | ||
| 942 |
_cTEXL _hT3, G1 |
||
| 999 |
_c1440884 _d1440884 |
||